|
|
|
|
| LEADER |
01878nam a22003257a 4500 |
| 001 |
18954 |
| 003 |
BD-DhAAL |
| 008 |
240515t2007 bg ||||| |||| 00| 0 ben d |
| 020 |
|
|
|a 9843235149
|
| 040 |
|
|
|a BD-DhAAL
|c BD-DhAAL
|
| 082 |
|
|
|a 302.23082
|
| 100 |
|
|
|a শিকদার, সৌরভ.
|9 56392
|
| 245 |
|
|
|a টিভি বিজ্ঞাপনে নারী প্রতিকৃতি বিষয়ক গবেষণা /
|c গবেষক, সৌরভ শিকদার ; গবেষণা সহকারী, ফরিদা বখতেয়ারা ; গবেষণা তত্ত্বাবধায়ক, গীতি আরা নাসরীন ; ইংরেজি অনুবাদক, নীলিমা আখতার এবং সূচি করিম.
|
| 246 |
|
|
|a Images of women in television commercials.
|
| 264 |
|
|
|a ঢাকা :
|b অক্সফামজিবি,
|c ২০০৭.
|
| 300 |
|
|
|a ৯০ পৃষ্ঠা ;
|c ২২ সে.মি.
|
| 526 |
|
|
|a BDI
|
| 541 |
|
|
|a Brac Development Institute (BDI)
|e 18954
|
| 650 |
|
|
|a Women in mass media.
|9 54815
|
| 650 |
|
|
|a Women in advertising
|z Bangladesh.
|9 56393
|
| 650 |
|
|
|a Television advertising
|z Bangladesh.
|9 56394
|
| 650 |
|
|
|a Women.
|
| 700 |
|
|
|a বখতেয়ারা, ফরিদা.
|9 56395
|
| 700 |
|
|
|a নাসরীন, গীতি আরা.
|9 56396
|
| 700 |
|
|
|a আখতার, নীলিমা,
|e অনুবাদক.
|9 56397
|
| 700 |
|
|
|a করিম, সূচি,
|e অনুবাদক.
|9 56398
|
| 852 |
|
|
|a Ayesha Abed Library
|
| 942 |
|
|
|2 ddc
|c BK
|
| 999 |
|
|
|c 46645
|d 46645
|
| 952 |
|
|
|0 0
|1 0
|2 ddc
|4 0
|6 302_230820000000000_SIK
|7 0
|9 75473
|a BIGD
|b BIGD
|c GEN
|d 2024-05-15
|e Brac Development Institute (BDI)
|g 160.00
|l 0
|o 302.23082 SIK
|p 3050018954
|r 2024-05-15
|t 1
|w 2024-05-15
|y BK
|x Brac Development Institute (BDI) ; transferred BDI to BIGD on 15.05.2024.
|